Breve reseña crítica relativa a la obra intitulada "Notas sobre los alcornocales y la industria corchera de la Argelia" por D. José Jordana y Morera / (Record no. 26365)

MARC details
000 -LEADER
campo de control de longitud fija 01265nam a2200277 i 4500
001 - NÚMERO DE CONTROL
campo de control 26365
003 - IDENTIFICADOR DE NÚMERO DE CONTROL
campo de control ES-MaACL
005 - FECHA Y HORA DE LA ÚLTIMA TRANSACCIÓN
campo de control 20230906153430.0
007 - CAMPO FIJO DE DESCRIPCIÓN FÍSICA--INFORMACIÓN GENERAL
campo de control de longitud fija t|
008 - DATOS DE LONGITUD FIJA--INFORMACIÓN GENERAL
campo de control de longitud fija 030109s1884 sp ||||1| spa d
080 ## - NÚMERO DE LA CLASIFICACIÓN DECIMAL UNIVERSAL
Número de la Clasificación Decimal Universal 633.872(65)
080 ## - NÚMERO DE LA CLASIFICACIÓN DECIMAL UNIVERSAL
Número de la Clasificación Decimal Universal 674.83(65)
100 1# - ENTRADA PRINCIPAL--NOMBRE DE PERSONA
Nombre de persona Artigas y Teixidor, Primitivo.
9 (RLIN) 23476
245 10 - MENCIÓN DEL TÍTULO
Título Breve reseña crítica relativa a la obra intitulada "Notas sobre los alcornocales y la industria corchera de la Argelia" por D. José Jordana y Morera /
Mención de responsabilidad, etc. por Don Primitivo Artigas.
260 ## - PUBLICACIÓN, DISTRIBUCIÓN, ETC.
Lugar de publicación, distribución, etc. Madrid :
Nombre del editor, distribuidor, etc. [s.n.],
Fecha de publicación, distribución, etc. 1884 (
Fabricante Imp. de Moreno y Rojas)
300 ## - DESCRIPCIÓN FÍSICA
Extensión 13 p. ;
Dimensiones 22 cm.
530 ## - NOTA DISPONIBLE DE FORMULARIO FÍSICO ADICIONAL
Nota de formato físico adicional disponible Disponible en formato digital.
600 14 - PUNTO DE ACCESO ADICIONAL DE MATERIA--NOMBRE DE PERSONA
Nombre de persona Jordana y Morera, José.
9 (RLIN) 66936
650 #4 - PUNTO DE ACCESO ADICIONAL DE MATERIA--TÉRMINO DE MATERIA
Término de materia o nombre geográfico como elemento de entrada Alcornoque-
Subdivisión geográfica Argelia.
9 (RLIN) 142689
650 #4 - PUNTO DE ACCESO ADICIONAL DE MATERIA--TÉRMINO DE MATERIA
Término de materia o nombre geográfico como elemento de entrada Industria del corcho-
Subdivisión geográfica Argelia.
9 (RLIN) 142690
740 02 - ENTRADA AGREGADA--TÍTULO RELACIONADO/ANALÍTICO NO CONTROLADO
Título relacionado o analítico no controlado Notas sobre los alcornocales y la industria corchera de la Argelia.
852 ## - LOCALIZACIÓN
Ubicación ES-MaACL
Número de control de estantería T-432-F-1
852 ## - LOCALIZACIÓN
Ubicación ES-MaACL
Número de control de estantería T-831-F-7
Nota libre - Enc. en un vol. facticio, conservando la enc. original
-- - Dedicatoria autógrafa del autor
856 ## - LOCALIZACIÓN Y ACCESO ELECTRÓNICOS
Identificador Uniforme de Recursos <a href="http://bdh-rd.bne.es/viewer.vm?id=0000057103&page=1 ">http://bdh-rd.bne.es/viewer.vm?id=0000057103&page=1 </a>
Nota pública Biblioteca Digital Hispánica
856 ## - LOCALIZACIÓN Y ACCESO ELECTRÓNICOS
Identificador Uniforme de Recursos <a href="http://simurg.bibliotecas.csic.es/viewer/image/CSIC000882728/1/ ">http://simurg.bibliotecas.csic.es/viewer/image/CSIC000882728/1/ </a>
Nota pública Fondos digitalizados del CSIC
Holdings
Estatus retirado Estado de pérdida Estado de daño No para préstamo Colección Biblioteca de origen Biblioteca actual Ubicación en estantería Fecha de adquisición Fuente de adquisición Total de préstamos Signatura topográfica completa Código de barras Visto por última vez Precio de reemplazo Tipo de ítem Koha
        Colección de folletos Biblioteca del Ateneo de Madrid Biblioteca del Ateneo de Madrid Depósito folletos 17/01/2008     T-831-F-7 1027208 23/02/2023 23/02/2023 Folleto
        Colección de folletos Biblioteca del Ateneo de Madrid Biblioteca del Ateneo de Madrid Depósito folletos 17/01/2008     T-432-F-1 1027207 23/02/2023 23/02/2023 Folleto